| 000 | 00601nam a2200205 4500 | ||
|---|---|---|---|
| 001 | 132624 | ||
| 003 | ES-MaACL | ||
| 007 | t| | ||
| 008 | 070214s1985 sp r ||||1| spa d | ||
| 020 | _a84-344-0231-9 | ||
| 100 | 1 |
_aRomani, Javier. _999244 |
|
| 245 | 1 | 0 |
_aNuevo atlas de anatomÃa / _cJavier Romani ; ilustraciones de Juan Ortega. |
| 260 |
_aBarcelona : _bAriel, _c1985. |
||
| 300 |
_a93 p. : _bil. ; _c21 cm. |
||
| 490 | 1 | _aNuevos atlas Ariel | |
| 700 | 1 |
_aOrtega, Juan. _987413 |
|
| 830 | 0 |
_aNuevos atlas Ariel _9186903 |
|
| 852 |
_aES-MaACL _jL-7814 _bR.108384 |
||
| 999 |
_c132624 _d132624 |
||